[Event "Foment Martinenc op-C 20th"]
[Site "Barcelona"]
[Date "2018.04.28"]
[Round "2"]
[White "Membrives Cano, Diego"]
[Black "Sama Rubio, Sergio"]
[Result "0-1"]
[WhiteElo "1551"]
[BlackElo "1671"]
[PlyCount "70"]
[EventDate "2018.04.21"]
[EventType "swiss"]
[EventRounds "9"]
[EventCountry "ESP"]
[SourceTitle "CBM 184 Extra"]
[Source "ChessBase"]
[SourceDate "2018.06.28"]
[SourceVersion "1"]
[SourceVersionDate "2018.06.28"]
[SourceQuality "1"]

1. d4 d5 2. Bf4 Nf6 3. e3 e6 4. Bd3 Nbd7 5. Nf3 Bd6 6. Ne5 Ne4 7. Bxe4 dxe4 8. Qh5 Qe7 9. Qg4 g6 10. Nxd7 f5 11. Bxd6 cxd6 12. Qe2 Bxd7 13. f3 d5 14. c4 Qb4+ 15. Kf2 dxc4 16. Nd2 Rc8 17. a3 Qb5 18. fxe4 fxe4 19. Nxe4 0-0+ 20. Kg3 Qd5 21. Nf2 Qd6+ 22. Kh3 e5+ 23. g4 exd4 24. exd4 Qxd4 25. Rad1 Qxf2 26. Qxf2 Rxf2 27. Rxd7 Rxb2 28. Rhd1 Rf2 29. Rxb7 Rf7 30. Rxf7 Kxf7 31. Rd7+ Ke6 32. Rxa7 c3 33. Ra6+ Kd5 34. Rb6 c2 35. Rb5+ Rc5 0-1

[Event "Llinars del Valles op-B 8th"]
[Site "Llinars del Valles"]
[Date "2015.05.09"]
[Round "5"]
[White "Mas Riera, Pere"]
[Black "Sama Rubio, Sergio"]
[Result "0-1"]
[WhiteElo "1733"]
[BlackElo "1674"]
[PlyCount "54"]
[EventDate "2015.04.11"]
[EventType "swiss"]
[EventRounds "9"]
[EventCountry "ESP"]
[SourceTitle "EXT 2016"]
[Source "ChessBase"]
[SourceDate "2015.10.08"]
[SourceVersion "1"]
[SourceVersionDate "2015.10.08"]
[SourceQuality "1"]

1. d4 d5 2. e3 Nc6 3. Nf3 Nf6 4. Bd3 Bg4 5. h3 Bh5 6. Nbd2 e6 7. c3 Bxf3 8. Nxf3 Bd6 9. Qc2 h6 10. a3 Qe7 11. c4 dxc4 12. Bxc4 a6 13. e4 e5 14. d5 Nd4 15. Nxd4 exd4 16. f3 b5 17. Ba2 0-0 18. b4 Qe5 19. Qd3 Qg3+ 20. Kf1 Rfe8 21. Qxd4 Be5 22. Qd3 Bxa1 23. Qb3 Bd4 24. Be3 Bxe3 25. Qxe3 Nxe4 26. d6 Nxd6 27. Qd2 Nc4 0-1

[Event "Foment Martinenc op-C 16th"]
[Site "Barcelona"]
[Date "2014.05.24"]
[Round "5"]
[White "Bes Alvarez, Alex"]
[Black "Sama Rubio, Sergio"]
[Result "1-0"]
[WhiteElo "1700"]
[BlackElo "1700"]
[PlyCount "67"]
[EventDate "2014.04.26"]
[EventType "swiss"]
[EventRounds "9"]
[EventCountry "ESP"]
[SourceTitle "EXT 2015"]
[Source "ChessBase"]
[SourceDate "2014.11.20"]
[SourceVersion "1"]
[SourceVersionDate "2014.11.20"]
[SourceQuality "1"]

1. d4 d5 2. c4 dxc4 3. e4 Nf6 4. Nc3 Nc6 5. Nf3 Bg4 6. Bxc4 Bxf3 7. Qxf3 Nxd4 8. Qd3 e5 9. 0-0 Be7 10. Bg5 0-0 11. Qg3 Nh5 12. Qh4 Bxg5 13. Qxh5 Bf4 14. g3 Qg5 15. Qxg5 Bxg5 16. f4 exf4 17. gxf4 Bh4 18. Nd5 c5 19. Kh1 Rae8 20. e5 h6 21. a3 b6 22. Kg2 g6 23. Kh3 Bd8 24. b3 Kg7 25. b4 f6 26. exf6+ Bxf6 27. bxc5 bxc5 28. Nc7 Re3+ 29. Kg2 Kh7 30. Nd5 Ree8 31. a4 Ne2 32. Rae1 Nd4 33. Rxe8 Rxe8 34. Nxf6+ 1-0